Girl in disguise / Greer Macallister.
Widowed and in need of a job, Kate Warne convinces Allan Pinkerton that a female detective can go places and do things a male detective cannot. Once hired, Kate becomes skilled at lock picking and surveillance, but she is best in disguise--as a prostitute, rich matron, spinster, clerk, Southern belle--an expert liar, playing a role. She investigates burglaries, bank robberies, embezzlement, counterfeiting, blackmail, and murder. Eventually earning the respect of her fellow detectives, Kate comes up with an ingenious plan to protect President Lincoln from a Southern assassination plot. During the Civil War, she must fight against a formidable adversary--notorious Southern spy Mrs. Rose Greenhow. Well-told and loaded with suspense and action, this historical novel about Kate Warne, the first female detective in 1850s Chicago, is superb.-- adapted from book review.
Record details
- ISBN: 9781492635222
- ISBN: 1492635227
- Physical Description: 308 pages ; 24 cm
- Publisher: Naperville, Illinois : Sourcebooks Landmark, [2017]
Content descriptions
| Bibliography, etc. Note: | Includes bibliographical references. |
| Awards Note: | A Junior Library Guild selection (JLG.) |
Search for related items by subject
| Subject: | Warne, Kate, -1868 > Fiction. Pinkerton's National Detective Agency > Fiction. Women detectives > Illinois > Chicago > Fiction. Illinois > Chicago. |
| Genre: | Biographical fiction. Detective and mystery fiction. Biographical fiction. Historical fiction. |
Available copies
- 1 of 1 copy available at scottsboropl.
Holds
- 0 current holds with 1 total copy.
Show Only Available Copies
| Location | Call Number / Copy Notes | Barcode | Shelving Location | Status | Due Date |
|---|---|---|---|---|---|
| scottsboropl | F Mac | 32269001253460 | Adult - Fiction | Available | - |
| LDR | 04432cam a2200841 i 4500 | ||
|---|---|---|---|
| 001 | 163449 | ||
| 003 | SBPL | ||
| 005 | 20240611093449.0 | ||
| 008 | 160307t20172017ilu 000 f eng c | ||
| 010 | . | ‡a 2016007221 | |
| 020 | . | ‡a9781492635222 ‡q(hardcover ; ‡qalk. paper) | |
| 020 | . | ‡a1492635227 ‡q(hardcover ; ‡qalk. paper) | |
| 024 | 1 | . | ‡a760789258572 |
| 035 | . | ‡a(OCoLC)946142279 ‡z(OCoLC)978355665 | |
| 050 | 0 | 0. | ‡aPS3613.A235 ‡bG57 2017 |
| 082 | 0 | 0. | ‡a813/.6 ‡223 |
| 100 | 1 | . | ‡aMacallister, Greer, : ‡eauthor. |
| 245 | 1 | 0. | ‡aGirl in disguise / ‡cGreer Macallister. |
| 264 | 1. | ‡aNaperville, Illinois : ‡bSourcebooks Landmark, ‡c[2017] | |
| 300 | . | ‡a308 pages ; ‡c24 cm | |
| 336 | . | ‡atext ‡btxt ‡2rdacontent | |
| 337 | . | ‡aunmediated ‡bn ‡2rdamedia | |
| 338 | . | ‡avolume ‡bnc ‡2rdacarrier | |
| 504 | . | ‡aIncludes bibliographical references. | |
| 520 | 2 | . | ‡aWidowed and in need of a job, Kate Warne convinces Allan Pinkerton that a female detective can go places and do things a male detective cannot. Once hired, Kate becomes skilled at lock picking and surveillance, but she is best in disguise--as a prostitute, rich matron, spinster, clerk, Southern belle--an expert liar, playing a role. She investigates burglaries, bank robberies, embezzlement, counterfeiting, blackmail, and murder. Eventually earning the respect of her fellow detectives, Kate comes up with an ingenious plan to protect President Lincoln from a Southern assassination plot. During the Civil War, she must fight against a formidable adversary--notorious Southern spy Mrs. Rose Greenhow. Well-told and loaded with suspense and action, this historical novel about Kate Warne, the first female detective in 1850s Chicago, is superb.-- ‡cadapted from book review. |
| 586 | . | ‡aA Junior Library Guild selection (JLG.) | |
| 600 | 1 | 0. | ‡aWarne, Kate, ‡d-1868 ‡vFiction. |
| 610 | 2 | 0. | ‡aPinkerton's National Detective Agency ‡vFiction. |
| 650 | 0. | ‡aWomen detectives ‡zIllinois ‡zChicago ‡vFiction. | |
| 651 | 7. | ‡aIllinois ‡zChicago. ‡2fast ‡0(OCoLC)fst01204048 | |
| 655 | 7. | ‡aBiographical fiction. ‡2gsafd | |
| 655 | 7. | ‡aDetective and mystery fiction. ‡2lcgft | |
| 655 | 7. | ‡aBiographical fiction. ‡2lcgft | |
| 655 | 7. | ‡aHistorical fiction. ‡2lcgft | |
| 901 | . | ‡a163449 ‡bAUTOGEN ‡c163449 ‡tbiblio | |